000
00447nam a2200181Ia 4500
008
090124s9999 xx 000 0 und d
082
_b
126824
100
_a
शेटे शिवाजी
245
_a
सावज
250
_a
1
260
_c
1995
300
_a
128
600
_a
शेटे शिवाजी
630
_a
सावज
700
_a
शेटे शिवाजी
730
_a
सावज
942
_c
BOOK
999
_c
172913
_d
172913